000 01232nam0a22002411 4500
001 rc\796899
005 20260407143458.0
035 _a(NLR Aleph) 005981283
090 _a7031215
_c7031215
100 _a20041129d1985 |||y0rusy50 ca
101 0 _arus
102 _aRU
105 _ay |||||||||
200 1 _aОПРЕДЕЛЕНИЕ функционального состояния капиллярного русла малого круга кровообращения у больных пороками сердца методами исследования функции внешнего дыхания
_e(Метод. рекомендации)
_fМ-во здравоохранения АрмССР, Ерев. фил. Всесоюз. науч. центра хирургии АМН СССР
_g[Сост. к. м. н. А.С. Вартянян и др.]
210 _aЕреван
_cБ. и.
_d1985
215 _a8 с.
_d20
702 1 _aВартянян
_bА.С.
_gАнаит Степановна
_4220
712 0 1 _aАрмССР
_bМинистерство здравоохранения
_3RU\NLR\AUTH\8810015541
_9528939
801 0 _aRU
_bNLR
_gpsbo
801 1 _aRU
_bELAR
_2rusmarc
852 _aNLR
_j88-4/4567
942 _cBOOK
980 _aNB